00282nam a2200109 a 450000500170000000800410001705000260005810000090008424500490009326000100014230000200015220140310183235.0040709s19uu xx 00 eng d aQP 365.5 b.N277 1997 aNTTC aPeripheral nervous system :bAP13.3 /cNTTC. c1997. a44 p. :c22 cm.